<?xml version="1.0" encoding="UTF-8"?>
<record
    xmlns:xsi="http://www.w3.org/2001/XMLSchema-instance"
    xsi:schemaLocation="http://www.loc.gov/MARC21/slim http://www.loc.gov/standards/marcxml/schema/MARC21slim.xsd"
    xmlns="http://www.loc.gov/MARC21/slim">

  <leader>00546nam a22001937a 4500</leader>
  <controlfield tag="005">20250224131603.0</controlfield>
  <controlfield tag="008">250224b        |||||||| |||| 00| 0 eng d</controlfield>
  <datafield tag="020" ind1=" " ind2=" ">
    <subfield code="a">9789354659393</subfield>
  </datafield>
  <datafield tag="041" ind1=" " ind2=" ">
    <subfield code="a">eng</subfield>
  </datafield>
  <datafield tag="082" ind1=" " ind2=" ">
    <subfield code="2">3rd</subfield>
    <subfield code="a">Ad 610.6 CLE B11583</subfield>
    <subfield code="b">CLE</subfield>
  </datafield>
  <datafield tag="100" ind1=" " ind2=" ">
    <subfield code="a">Clement I.</subfield>
    <subfield code="9">119826</subfield>
  </datafield>
  <datafield tag="245" ind1=" " ind2=" ">
    <subfield code="a">Internship Textbook for General Nursing and Midwifery </subfield>
  </datafield>
  <datafield tag="250" ind1=" " ind2=" ">
    <subfield code="a">3rd</subfield>
  </datafield>
  <datafield tag="260" ind1=" " ind2=" ">
    <subfield code="a">New Delhi</subfield>
    <subfield code="b">Jaypee Pub.</subfield>
    <subfield code="c">2022</subfield>
  </datafield>
  <datafield tag="300" ind1=" " ind2=" ">
    <subfield code="a">506p</subfield>
    <subfield code="b">Pb</subfield>
    <subfield code="c">24X17cm</subfield>
  </datafield>
  <datafield tag="365" ind1=" " ind2=" ">
    <subfield code="a">Rupaye</subfield>
    <subfield code="b">825.00</subfield>
    <subfield code="c">INR</subfield>
  </datafield>
  <datafield tag="521" ind1=" " ind2=" ">
    <subfield code="a">Internship
Textbook
GNM
Nursing</subfield>
  </datafield>
  <datafield tag="942" ind1=" " ind2=" ">
    <subfield code="c">BK</subfield>
  </datafield>
  <datafield tag="999" ind1=" " ind2=" ">
    <subfield code="c">365257</subfield>
    <subfield code="d">365257</subfield>
  </datafield>
  <datafield tag="952" ind1=" " ind2=" ">
    <subfield code="0">0</subfield>
    <subfield code="1">0</subfield>
    <subfield code="2">ddc</subfield>
    <subfield code="4">0</subfield>
    <subfield code="7">0</subfield>
    <subfield code="a">BTIN</subfield>
    <subfield code="b">BTIN</subfield>
    <subfield code="d">2025-02-24</subfield>
    <subfield code="e">Patil M Book</subfield>
    <subfield code="g">825.00</subfield>
    <subfield code="i">3251</subfield>
    <subfield code="l">1</subfield>
    <subfield code="o">Ad 610.6 CLE B11583</subfield>
    <subfield code="p">BTIN-BK-11583</subfield>
    <subfield code="r">2026-01-29 11:49:27</subfield>
    <subfield code="s">2026-01-05</subfield>
    <subfield code="t">288.75</subfield>
    <subfield code="v">536.25</subfield>
    <subfield code="w">2024-12-31</subfield>
    <subfield code="y">BK</subfield>
    <subfield code="z">BTIN-BK-11583</subfield>
  </datafield>
  <datafield tag="952" ind1=" " ind2=" ">
    <subfield code="0">0</subfield>
    <subfield code="1">0</subfield>
    <subfield code="2">ddc</subfield>
    <subfield code="4">0</subfield>
    <subfield code="7">0</subfield>
    <subfield code="a">BTIN</subfield>
    <subfield code="b">BTIN</subfield>
    <subfield code="d">2025-02-24</subfield>
    <subfield code="e">Patil M Book</subfield>
    <subfield code="g">825.00</subfield>
    <subfield code="i">3251</subfield>
    <subfield code="l">1</subfield>
    <subfield code="m">2</subfield>
    <subfield code="o">Ad 610.6 CLE B11584</subfield>
    <subfield code="p">BTIN-BK-11584</subfield>
    <subfield code="r">2026-01-20 10:50:26</subfield>
    <subfield code="s">2026-01-06</subfield>
    <subfield code="t">288.75</subfield>
    <subfield code="v">536.25</subfield>
    <subfield code="w">2024-12-31</subfield>
    <subfield code="y">BK</subfield>
    <subfield code="z">BTIN-BK-11584</subfield>
  </datafield>
  <datafield tag="952" ind1=" " ind2=" ">
    <subfield code="0">0</subfield>
    <subfield code="1">0</subfield>
    <subfield code="2">ddc</subfield>
    <subfield code="4">0</subfield>
    <subfield code="7">0</subfield>
    <subfield code="a">BTIN</subfield>
    <subfield code="b">BTIN</subfield>
    <subfield code="d">2025-02-24</subfield>
    <subfield code="e">Patil M Book</subfield>
    <subfield code="g">825.00</subfield>
    <subfield code="i">3251</subfield>
    <subfield code="l">1</subfield>
    <subfield code="o">Ad 610.6 CLE B11585</subfield>
    <subfield code="p">BTIN-BK-11585</subfield>
    <subfield code="r">2026-01-20 09:46:38</subfield>
    <subfield code="s">2026-01-05</subfield>
    <subfield code="t">288.75</subfield>
    <subfield code="v">536.25</subfield>
    <subfield code="w">2024-12-31</subfield>
    <subfield code="y">BK</subfield>
    <subfield code="z">BTIN-BK-11585</subfield>
  </datafield>
  <datafield tag="952" ind1=" " ind2=" ">
    <subfield code="0">0</subfield>
    <subfield code="1">0</subfield>
    <subfield code="2">ddc</subfield>
    <subfield code="4">0</subfield>
    <subfield code="7">0</subfield>
    <subfield code="a">BTIN</subfield>
    <subfield code="b">BTIN</subfield>
    <subfield code="d">2025-02-24</subfield>
    <subfield code="e">Patil M Book</subfield>
    <subfield code="g">825.00</subfield>
    <subfield code="i">3251</subfield>
    <subfield code="l">2</subfield>
    <subfield code="m">1</subfield>
    <subfield code="o">Ad 610.6 CLE B11586</subfield>
    <subfield code="p">BTIN-BK-11586</subfield>
    <subfield code="r">2026-01-09 12:04:34</subfield>
    <subfield code="s">2026-01-08</subfield>
    <subfield code="t">288.75</subfield>
    <subfield code="v">536.25</subfield>
    <subfield code="w">2024-12-31</subfield>
    <subfield code="y">BK</subfield>
    <subfield code="z">BTIN-BK-11586</subfield>
  </datafield>
  <datafield tag="952" ind1=" " ind2=" ">
    <subfield code="0">0</subfield>
    <subfield code="1">0</subfield>
    <subfield code="2">ddc</subfield>
    <subfield code="4">0</subfield>
    <subfield code="7">0</subfield>
    <subfield code="a">BTIN</subfield>
    <subfield code="b">BTIN</subfield>
    <subfield code="d">2025-02-24</subfield>
    <subfield code="e">Patil M Book</subfield>
    <subfield code="g">825.00</subfield>
    <subfield code="i">3251</subfield>
    <subfield code="l">1</subfield>
    <subfield code="o">Ad 610.6 CLE B11587</subfield>
    <subfield code="p">BTIN-BK-11587</subfield>
    <subfield code="r">2026-01-09 13:56:41</subfield>
    <subfield code="s">2026-01-05</subfield>
    <subfield code="t">288.75</subfield>
    <subfield code="v">536.25</subfield>
    <subfield code="w">2024-12-31</subfield>
    <subfield code="y">BK</subfield>
    <subfield code="z">BTIN-BK-11587</subfield>
  </datafield>
  <datafield tag="952" ind1=" " ind2=" ">
    <subfield code="0">0</subfield>
    <subfield code="1">0</subfield>
    <subfield code="2">ddc</subfield>
    <subfield code="4">0</subfield>
    <subfield code="7">0</subfield>
    <subfield code="a">BTIN</subfield>
    <subfield code="b">BTIN</subfield>
    <subfield code="d">2025-02-24</subfield>
    <subfield code="e">Patil M Book</subfield>
    <subfield code="g">825.00</subfield>
    <subfield code="i">3251</subfield>
    <subfield code="l">1</subfield>
    <subfield code="o">Ad 610.6 CLE B11588</subfield>
    <subfield code="p">BTIN-BK-11588</subfield>
    <subfield code="r">2026-01-09 13:10:22</subfield>
    <subfield code="s">2026-01-05</subfield>
    <subfield code="t">288.75</subfield>
    <subfield code="v">536.25</subfield>
    <subfield code="w">2024-12-31</subfield>
    <subfield code="y">BK</subfield>
    <subfield code="z">BTIN-BK-11588</subfield>
  </datafield>
  <datafield tag="952" ind1=" " ind2=" ">
    <subfield code="0">0</subfield>
    <subfield code="1">0</subfield>
    <subfield code="2">ddc</subfield>
    <subfield code="4">0</subfield>
    <subfield code="7">0</subfield>
    <subfield code="a">BTIN</subfield>
    <subfield code="b">BTIN</subfield>
    <subfield code="d">2025-02-24</subfield>
    <subfield code="e">Patil M Book</subfield>
    <subfield code="g">825.00</subfield>
    <subfield code="i">3251</subfield>
    <subfield code="l">1</subfield>
    <subfield code="o">Ad 610.6 CLE B11589</subfield>
    <subfield code="p">BTIN-BK-11589</subfield>
    <subfield code="r">2026-01-09 13:05:50</subfield>
    <subfield code="s">2026-01-05</subfield>
    <subfield code="t">288.75</subfield>
    <subfield code="v">536.25</subfield>
    <subfield code="w">2024-12-31</subfield>
    <subfield code="y">BK</subfield>
    <subfield code="z">BTIN-BK-11589</subfield>
  </datafield>
  <datafield tag="952" ind1=" " ind2=" ">
    <subfield code="0">0</subfield>
    <subfield code="1">0</subfield>
    <subfield code="2">ddc</subfield>
    <subfield code="4">0</subfield>
    <subfield code="7">0</subfield>
    <subfield code="a">BTIN</subfield>
    <subfield code="b">BTIN</subfield>
    <subfield code="d">2025-02-24</subfield>
    <subfield code="e">Patil M Book</subfield>
    <subfield code="g">825.00</subfield>
    <subfield code="i">3251</subfield>
    <subfield code="l">1</subfield>
    <subfield code="o">Ad 610.6 CLE B11590</subfield>
    <subfield code="p">BTIN-BK-11590</subfield>
    <subfield code="r">2026-01-09 13:56:29</subfield>
    <subfield code="s">2026-01-05</subfield>
    <subfield code="t">288.75</subfield>
    <subfield code="v">536.25</subfield>
    <subfield code="w">2024-12-31</subfield>
    <subfield code="y">BK</subfield>
    <subfield code="z">BTIN-BK-11590</subfield>
  </datafield>
  <datafield tag="952" ind1=" " ind2=" ">
    <subfield code="0">0</subfield>
    <subfield code="1">0</subfield>
    <subfield code="2">ddc</subfield>
    <subfield code="4">0</subfield>
    <subfield code="7">0</subfield>
    <subfield code="a">BTIN</subfield>
    <subfield code="b">BTIN</subfield>
    <subfield code="d">2025-02-24</subfield>
    <subfield code="e">Patil M Book</subfield>
    <subfield code="g">825.00</subfield>
    <subfield code="i">3251</subfield>
    <subfield code="l">1</subfield>
    <subfield code="o">Ad 610.6 CLE B11591</subfield>
    <subfield code="p">BTIN-BK-11591</subfield>
    <subfield code="r">2026-01-28 10:15:34</subfield>
    <subfield code="s">2026-01-05</subfield>
    <subfield code="t">288.75</subfield>
    <subfield code="v">536.25</subfield>
    <subfield code="w">2024-12-31</subfield>
    <subfield code="y">BK</subfield>
    <subfield code="z">BTIN-BK-11591</subfield>
  </datafield>
  <datafield tag="952" ind1=" " ind2=" ">
    <subfield code="0">0</subfield>
    <subfield code="1">0</subfield>
    <subfield code="2">ddc</subfield>
    <subfield code="4">0</subfield>
    <subfield code="7">0</subfield>
    <subfield code="a">BTIN</subfield>
    <subfield code="b">BTIN</subfield>
    <subfield code="d">2025-02-24</subfield>
    <subfield code="e">Patil M Book</subfield>
    <subfield code="g">825.00</subfield>
    <subfield code="i">3251</subfield>
    <subfield code="l">1</subfield>
    <subfield code="o">Ad 610.6 CLE B11592</subfield>
    <subfield code="p">BTIN-BK-11592</subfield>
    <subfield code="r">2026-01-12 17:41:01</subfield>
    <subfield code="s">2026-01-05</subfield>
    <subfield code="t">288.75</subfield>
    <subfield code="v">536.25</subfield>
    <subfield code="w">2024-12-31</subfield>
    <subfield code="y">BK</subfield>
    <subfield code="z">BTIN-BK-11592</subfield>
  </datafield>
</record>
